[Event "Deutsche Ländermeisterschaft 2022"]
[Site "Wiesbaden GER"]
[Date "2022.10.02"]
[Round "3"]
[White "Kempe, Caius Emilian"]
[Black "Hoppstädter, Daniel"]
[Result "1-0"]
[Termination "normal"]
[Board "5.4"]
[WhiteElo "2030"]
[BlackElo "1935"]
[WhiteClock "01:16:38"]
[BlackClock "00:24:33"]
[WhiteTeam "Sachsen"]
[BlackTeam "Saarland"]
[PlyCount "171"]
[WhiteFideId "16246861"]
[BlackFideId "16243625"]
[EventCountry "GER"]
[EventRounds "7"]
[EventType "team-swiss"]
[EventDate "2022.09.30"]

1. d4 {[%clk 1:30:56]} d5 {[%clk 1:30:55]} 2. c4 {[%clk 1:31:05]} dxc4 {[%clk
1:31:19]} 3. e3 {[%clk 1:31:06]} e5 {[%clk 1:31:40]} 4. Bxc4 {[%clk 1:31:10]}
exd4 {[%clk 1:32:03]} 5. Qb3 {[%clk 1:30:20]} Qe7 {[%clk 1:32:11]} 6. Nf3
{[%clk 1:30:23]} Qb4+ {[%clk 1:30:51]} 7. Bd2 {[%clk 1:28:44]} Qxb3 {[%clk
1:31:12]} 8. Bxb3 {[%clk 1:29:13]} dxe3 {[%clk 1:30:14]} 9. Bxe3 {[%clk
1:28:20]} Bb4+ {[%clk 1:17:28]} 10. Nc3 {[%clk 1:28:48]} Nf6 {[%clk 1:12:09]}
11. O-O {[%clk 1:28:50]} O-O {[%clk 1:10:27]} 12. Nb5 {[%clk 1:27:04]} Na6
{[%clk 1:10:21]} 13. a3 {[%clk 1:20:01]} Be7 {[%clk 1:01:00]} 14. Bf4 {[%clk
1:16:24]} Nc5 {[%clk 0:36:45]} 15. Ba2 {[%clk 1:15:12]} Bf5 {[%clk 0:25:03]}
16. Rfe1 {[%clk 1:07:34]} Nfe4 {[%clk 0:21:02]} 17. Nxc7 {[%clk 1:07:08]} Nd3
{[%clk 0:17:24]} 18. Nxa8 {[%clk 1:06:26]} Rxa8 {[%clk 0:14:28]} 19. Bd5 {[%clk
1:03:02]} Nf6 {[%clk 0:09:32]} 20. Bxb7 {[%clk 1:00:08]} Re8 {[%clk 0:09:57]}
21. Nd4 {[%clk 0:56:13]} Nxe1 {[%clk 0:09:07]} 22. Rxe1 {[%clk 0:56:41]} Be4
{[%clk 0:08:43]} 23. Bxe4 {[%clk 0:55:35]} Bc5 {[%clk 0:09:11]} 24. Bxh7+
{[%clk 0:55:14]} Kxh7 {[%clk 0:09:24]} 25. Rxe8 {[%clk 0:55:39]} Nxe8 {[%clk
0:09:53]} 26. Nc6 {[%clk 0:54:40]} Kg6 {[%clk 0:09:09]} 27. b4 {[%clk 0:55:06]}
Bb6 {[%clk 0:09:34]} 28. a4 {[%clk 0:54:38]} Kf5 {[%clk 0:08:24]} 29. Bg3
{[%clk 0:54:53]} a6 {[%clk 0:07:40]} 30. Kf1 {[%clk 0:52:28]} Ke6 {[%clk
0:05:52]} 31. Ke2 {[%clk 0:51:06]} Kd5 {[%clk 0:06:01]} 32. Ne5 {[%clk
0:50:57]} f6 {[%clk 0:05:08]} 33. Nd7 {[%clk 0:50:56]} Ba7 {[%clk 0:05:29]} 34.
Kd3 {[%clk 0:51:14]} Kc6 {[%clk 0:04:31]} 35. Nf8 {[%clk 0:50:46]} Nd6 {[%clk
0:04:32]} 36. f3 {[%clk 0:50:00]} Nf5 {[%clk 0:02:56]} 37. Be1 {[%clk 0:50:15]}
g5 {[%clk 0:02:14]} 38. Bc3 {[%clk 0:48:09]} Nh4 {[%clk 0:01:58]} 39. Bxf6
{[%clk 0:48:32]} Nxg2 {[%clk 0:02:24]} 40. Bxg5 {[%clk 0:48:40]} Ne1+ {[%clk
0:02:37]} 41. Ke2 {[%clk 0:49:05]} Nc2 {[%clk 0:02:52]} 42. b5+ {[%clk
0:47:28]} axb5 {[%clk 0:30:11]} 43. axb5+ {[%clk 1:17:57]} Kxb5 {[%clk
0:29:30]} 44. Kd3 {[%clk 1:18:18]} Nb4+ {[%clk 0:18:10]} 45. Ke4 {[%clk
1:18:35]} Kc6 {[%clk 0:16:14]} 46. h4 {[%clk 1:18:20]} Bc5 {[%clk 0:15:30]} 47.
Ne6 {[%clk 1:18:44]} Bd6 {[%clk 0:15:16]} 48. h5 {[%clk 1:18:44]} Kd7 {[%clk
0:15:41]} 49. Kf5 {[%clk 1:19:06]} Nc6 {[%clk 0:13:46]} 50. Ng7 {[%clk
1:17:00]} Ne5 {[%clk 0:13:23]} 51. f4 {[%clk 1:16:34]} Nf7 {[%clk 0:13:47]} 52.
h6 {[%clk 1:16:12]} Nxh6+ {[%clk 0:13:17]} 53. Bxh6 {[%clk 1:16:36]} Bxf4
{[%clk 0:13:44]} 54. Bxf4 {[%clk 1:17:02]} Kc6 {[%clk 0:14:09]} 55. Ke5 {[%clk
1:17:21]} Kc5 {[%clk 0:14:28]} 56. Ne6+ {[%clk 1:17:44]} Kc4 {[%clk 0:14:53]}
57. Be3 {[%clk 1:17:54]} Kd3 {[%clk 0:15:07]} 58. Bd4 {[%clk 1:18:19]} Ke2
{[%clk 0:15:29]} 59. Ke4 {[%clk 1:18:43]} Kf1 {[%clk 0:15:52]} 60. Nf4 {[%clk
1:19:02]} Ke1 {[%clk 0:15:44]} 61. Kd3 {[%clk 1:16:45]} Kf1 {[%clk 0:15:58]}
62. Bc5 {[%clk 1:13:38]} Ke1 {[%clk 0:16:12]} 63. Ke3 {[%clk 1:11:31]} Kf1
{[%clk 0:16:23]} 64. Bb4 {[%clk 1:11:47]} Kg1 {[%clk 0:16:44]} 65. Kf3 {[%clk
1:12:11]} Kh1 {[%clk 0:17:05]} 66. Nh3 {[%clk 1:12:21]} Kh2 {[%clk 0:17:30]}
67. Nf2 {[%clk 1:12:47]} Kg1 {[%clk 0:17:55]} 68. Bd6 {[%clk 1:11:26]} Kf1
{[%clk 0:18:11]} 69. Bh2 {[%clk 1:11:25]} Ke1 {[%clk 0:18:37]} 70. Ne4 {[%clk
1:11:38]} Kf1 {[%clk 0:18:56]} 71. Nd2+ {[%clk 1:12:01]} Ke1 {[%clk 0:19:20]}
72. Ke3 {[%clk 1:12:27]} Kd1 {[%clk 0:19:41]} 73. Kd3 {[%clk 1:12:52]} Ke1
{[%clk 0:19:41]} 74. Bg3+ {[%clk 1:13:13]} Kd1 {[%clk 0:20:06]} 75. Nc4 {[%clk
1:13:35]} Kc1 {[%clk 0:20:33]} 76. Bd6 {[%clk 1:13:10]} Kd1 {[%clk 0:20:51]}
77. Bg3 {[%clk 1:13:20]} Kc1 {[%clk 0:21:16]} 78. Bh4 {[%clk 1:13:40]} Kd1
{[%clk 0:21:41]} 79. Nb2+ {[%clk 1:14:06]} Kc1 {[%clk 0:22:07]} 80. Kc3 {[%clk
1:14:32]} Kb1 {[%clk 0:22:34]} 81. Kb3 {[%clk 1:14:42]} Kc1 {[%clk 0:22:53]}
82. Bg5+ {[%clk 1:15:07]} Kb1 {[%clk 0:23:18]} 83. Nc4 {[%clk 1:15:20]} Ka1
{[%clk 0:23:43]} 84. Bf4 {[%clk 1:15:45]} Kb1 {[%clk 0:24:07]} 85. Na3+ {[%clk
1:16:11]} Ka1 {[%clk 0:24:33]} 86. Be5# {[%clk 1:16:38]} 1-0

[Event "Deutsche Ländermeisterschaft 2022"]
[Site "Wiesbaden GER"]
[Date "2022.10.02"]
[Round "3"]
[White "Mukazhanov, Mansur"]
[Black "Neuhoff, Laertes"]
[Result "1/2-1/2"]
[Termination "normal"]
[Board "5.5"]
[WhiteElo "1319"]
[BlackElo "1885"]
[WhiteClock "01:20:11"]
[BlackClock "00:02:54"]
[WhiteTeam "Saarland"]
[BlackTeam "Sachsen"]
[PlyCount "84"]
[WhiteFideId "13752324"]
[BlackFideId "16279719"]
[EventCountry "GER"]
[EventRounds "7"]
[EventType "team-swiss"]
[EventDate "2022.09.30"]

1. e4 {[%clk 1:30:54]} e5 {[%clk 1:30:59]} 2. Nf3 {[%clk 1:31:19]} Nc6 {[%clk
1:31:21]} 3. d4 {[%clk 1:31:45]} exd4 {[%clk 1:31:50]} 4. Nxd4 {[%clk 1:32:07]}
Nf6 {[%clk 1:32:13]} 5. Nc3 {[%clk 1:29:00]} Bb4 {[%clk 1:31:22]} 6. Nxc6
{[%clk 1:29:12]} bxc6 {[%clk 1:31:36]} 7. Bd3 {[%clk 1:29:34]} d5 {[%clk
1:31:49]} 8. exd5 {[%clk 1:29:59]} cxd5 {[%clk 1:32:15]} 9. Bd2 {[%clk
1:30:13]} O-O {[%clk 1:32:30]} 10. O-O {[%clk 1:30:36]} Be6 {[%clk 1:27:47]}
11. Ne2 {[%clk 1:30:51]} Bd6 {[%clk 1:27:18]} 12. Bf4 {[%clk 1:31:02]} c5
{[%clk 1:24:08]} 13. c3 {[%clk 1:31:03]} Re8 {[%clk 1:14:15]} 14. Qd2 {[%clk
1:29:49]} Qc7 {[%clk 1:11:14]} 15. Rad1 {[%clk 1:29:12]} Rad8 {[%clk 1:05:15]}
16. Rfe1 {[%clk 1:27:32]} a5 {[%clk 0:55:09]} 17. Bxd6 {[%clk 1:26:34]} Qxd6
{[%clk 0:53:23]} 18. Bb1 {[%clk 1:26:40]} Qb6 {[%clk 0:47:34]} 19. Nf4 {[%clk
1:26:15]} d4 {[%clk 0:43:33]} 20. Nxe6 {[%clk 1:23:16]} Rxe6 {[%clk 0:38:28]}
21. Rxe6 {[%clk 1:23:11]} Qxe6 {[%clk 0:31:34]} 22. h3 {[%clk 1:22:13]} Qb6
{[%clk 0:22:06]} 23. b3 {[%clk 1:19:50]} Nd5 {[%clk 0:19:10]} 24. cxd4 {[%clk
1:19:50]} Nf6 {[%clk 0:19:02]} 25. d5 {[%clk 1:20:01]} Rxd5 {[%clk 0:18:59]}
26. Qc2 {[%clk 1:20:07]} Rxd1+ {[%clk 0:19:18]} 27. Qxd1 {[%clk 1:20:29]} g6
{[%clk 0:19:31]} 28. Bd3 {[%clk 1:20:36]} Qd6 {[%clk 0:13:31]} 29. Qe2 {[%clk
1:20:34]} Qf4 {[%clk 0:12:34]} 30. Bc4 {[%clk 1:20:27]} Qc1+ {[%clk 0:12:57]}
31. Kh2 {[%clk 1:20:47]} Qf4+ {[%clk 0:13:19]} 32. g3 {[%clk 1:21:08]} Qd4
{[%clk 0:10:00]} 33. Kg2 {[%clk 1:18:42]} Ne4 34. Qf3 {[%clk 1:18:29]} Nd6
{[%clk 0:09:07]} 35. Qd5 {[%clk 1:18:50]} Qxd5+ {[%clk 0:04:51]} 36. Bxd5
{[%clk 1:19:09]} Kg7 {[%clk 0:05:10]} 37. f4 {[%clk 1:19:18]} f5 {[%clk
0:03:10]} 38. Kf3 {[%clk 1:19:42]} Nc8 {[%clk 0:03:19]} 39. g4 {[%clk 1:19:52]}
Nb6 {[%clk 0:03:25]} 40. Bc4 {[%clk 1:19:29]} Nxc4 {[%clk 0:02:19]} 41. bxc4
{[%clk 1:19:53]} Kf6 {[%clk 0:02:39]} 42. g5+ {[%clk 1:20:11]} Ke6 {[%clk
0:02:54]} 1/2-1/2

[Event "Deutsche Ländermeisterschaft 2022"]
[Site "Wiesbaden GER"]
[Date "2022.10.02"]
[Round "3"]
[White "Schmider, Niklas"]
[Black "Großmann, Piet"]
[Result "1-0"]
[Termination "normal"]
[Board "6.1"]
[WhiteTitle "FM"]
[WhiteElo "2407"]
[BlackElo "1945"]
[WhiteClock "00:13:54"]
[BlackClock "00:03:47"]
[WhiteTeam "Baden 1"]
[BlackTeam "Mecklenburg-Vorpommern"]
[PlyCount "77"]
[WhiteFideId "12993778"]
[BlackFideId "16234359"]
[EventCountry "GER"]
[EventRounds "7"]
[EventType "team-swiss"]
[EventDate "2022.09.30"]

1. Nf3 {[%clk 1:30:55]} Nf6 {[%clk 1:30:50]} 2. g3 {[%clk 1:31:18]} e6 {[%clk
1:31:15]} 3. Bg2 {[%clk 1:31:43]} Be7 {[%clk 1:31:41]} 4. d4 {[%clk 1:32:06]}
O-O {[%clk 1:32:05]} 5. c4 {[%clk 1:32:30]} d5 {[%clk 1:32:31]} 6. Nc3 {[%clk
1:32:32]} c5 {[%clk 1:20:57]} 7. cxd5 {[%clk 1:31:59]} exd5 {[%clk 1:19:13]} 8.
O-O {[%clk 1:31:28]} c4 {[%clk 1:18:15]} 9. Bg5 {[%clk 1:26:04]} Nc6 {[%clk
1:12:08]} 10. Ne5 {[%clk 1:21:01]} Be6 {[%clk 1:09:05]} 11. b3 {[%clk 1:15:51]}
cxb3 {[%clk 1:08:18]} 12. axb3 {[%clk 1:15:09]} h6 {[%clk 1:05:51]} 13. Bxf6
{[%clk 1:13:25]} Bxf6 {[%clk 1:06:09]} 14. Nxc6 {[%clk 1:13:45]} bxc6 {[%clk
1:06:36]} 15. Na4 {[%clk 1:12:37]} Bf5 {[%clk 1:02:01]} 16. Rc1 {[%clk
1:10:31]} Qd6 {[%clk 0:58:22]} 17. Qd2 {[%clk 1:07:57]} Rab8 {[%clk 0:54:26]}
18. Rc3 {[%clk 1:03:09]} Rfc8 {[%clk 0:36:09]} 19. Nc5 {[%clk 0:49:31]} Bd8
{[%clk 0:28:46]} 20. Qa2 {[%clk 0:47:07]} Bb6 {[%clk 0:26:30]} 21. Rfc1 {[%clk
0:46:55]} Re8 {[%clk 0:21:27]} 22. e3 {[%clk 0:46:17]} Rbc8 {[%clk 0:19:59]}
23. Qa4 {[%clk 0:45:14]} Re7 {[%clk 0:16:06]} 24. Bf1 {[%clk 0:43:47]} g6
{[%clk 0:10:21]} 25. Ba6 {[%clk 0:34:33]} Rcc7 {[%clk 0:09:33]} 26. Nd3 {[%clk
0:33:37]} Bxd3 {[%clk 0:08:56]} 27. Bxd3 {[%clk 0:33:58]} c5 {[%clk 0:09:05]}
28. Qa3 {[%clk 0:33:03]} Qf6 {[%clk 0:03:29]} 29. dxc5 {[%clk 0:32:47]} d4
{[%clk 0:03:38]} 30. exd4 {[%clk 0:14:43]} Qxd4 {[%clk 0:03:59]} 31. cxb6
{[%clk 0:14:01]} Rxc3 {[%clk 0:04:16]} 32. Rxc3 {[%clk 0:14:27]} Re1+ {[%clk
0:03:55]} 33. Bf1 {[%clk 0:14:41]} Qxc3 {[%clk 0:03:22]} 34. bxa7 {[%clk
0:14:57]} Rxf1+ {[%clk 0:03:35]} 35. Kxf1 {[%clk 0:15:19]} Qd3+ {[%clk
0:03:47]} 36. Kg1 {[%clk 0:12:56]} Qd1+ {[%clk 0:03:59]} 37. Kg2 {[%clk
0:13:20]} Qd5+ {[%clk 0:04:23]} 38. f3 {[%clk 0:13:41]} Qd2+ {[%clk 0:03:47]}
39. Kh3 {[%clk 0:13:54]} 1-0

[Event "Deutsche Ländermeisterschaft 2022"]
[Site "Wiesbaden GER"]
[Date "2022.10.02"]
[Round "3"]
[White "Lange, Jannis"]
[Black "Hänselmann, Hendrik"]
[Result "1-0"]
[Termination "normal"]
[Board "6.2"]
[WhiteElo "2085"]
[BlackElo "1989"]
[WhiteClock "00:17:01"]
[BlackClock "00:14:57"]
[WhiteTeam "Mecklenburg-Vorpommern"]
[BlackTeam "Baden 1"]
[PlyCount "139"]
[WhiteFideId "12993107"]
[BlackFideId "16232755"]
[EventCountry "GER"]
[EventRounds "7"]
[EventType "team-swiss"]
[EventDate "2022.09.30"]

1. e4 {[%clk 1:30:58]} c5 {[%clk 1:30:55]} 2. Nf3 {[%clk 1:29:47]} e6 {[%clk
1:31:18]} 3. Nc3 {[%clk 1:27:11]} Nc6 {[%clk 1:31:34]} 4. Bb5 {[%clk 1:27:06]}
Nge7 {[%clk 1:31:30]} 5. O-O {[%clk 1:27:15]} a6 {[%clk 1:31:43]} 6. Be2 {[%clk
1:27:06]} Nd4 {[%clk 1:27:58]} 7. d3 {[%clk 1:25:05]} Nec6 {[%clk 1:27:51]} 8.
Re1 {[%clk 1:20:37]} Be7 {[%clk 1:25:24]} 9. Bf1 {[%clk 1:19:29]} O-O {[%clk
1:23:43]} 10. Be3 {[%clk 1:05:15]} Qc7 {[%clk 1:21:44]} 11. a4 {[%clk 0:56:02]}
b6 {[%clk 1:18:28]} 12. g3 {[%clk 0:55:11]} Bb7 {[%clk 1:15:14]} 13. Bg2 {[%clk
0:55:29]} Rac8 {[%clk 1:11:09]} 14. Ne2 {[%clk 0:42:56]} Bf6 {[%clk 1:06:51]}
15. c3 {[%clk 0:42:36]} Nxf3+ {[%clk 1:03:39]} 16. Bxf3 {[%clk 0:43:00]} Ne5
{[%clk 1:00:06]} 17. Bg2 {[%clk 0:42:40]} c4 {[%clk 0:53:34]} 18. Nf4 {[%clk
0:38:55]} Nxd3 {[%clk 0:51:15]} 19. Nxd3 {[%clk 0:39:05]} cxd3 {[%clk 0:51:41]}
20. Qxd3 {[%clk 0:37:43]} Rfd8 {[%clk 0:50:30]} 21. Bf4 {[%clk 0:35:48]} Be5
{[%clk 0:50:06]} 22. Bg5 {[%clk 0:33:10]} f6 {[%clk 0:49:27]} 23. Be3 {[%clk
0:33:33]} Bd6 {[%clk 0:48:31]} 24. Rad1 {[%clk 0:30:52]} Be7 {[%clk 0:43:22]}
25. Qc2 {[%clk 0:29:05]} Bc5 {[%clk 0:36:19]} 26. Bf4 {[%clk 0:23:06]} e5
{[%clk 0:33:15]} 27. Qb3+ {[%clk 0:23:21]} Kh8 {[%clk 0:25:35]} 28. Be3 {[%clk
0:23:34]} d6 {[%clk 0:23:34]} 29. Rd2 {[%clk 0:09:16]} Bc6 {[%clk 0:17:11]} 30.
h4 {[%clk 0:07:58]} Qb7 {[%clk 0:13:44]} 31. Rdd1 {[%clk 0:07:32]} Qd7 {[%clk
0:11:15]} 32. Ra1 {[%clk 0:04:21]} Rb8 {[%clk 0:08:50]} 33. Qc4 {[%clk
0:03:29]} b5 {[%clk 0:08:24]} 34. axb5 {[%clk 0:03:21]} Bxb5 {[%clk 0:08:45]}
35. Qd5 {[%clk 0:03:31]} Bc6 {[%clk 0:08:17]} 36. Qd2 {[%clk 0:03:53]} Qb7
{[%clk 0:06:56]} 37. b4 {[%clk 0:03:54]} Bxe3 {[%clk 0:07:21]} 38. Rxe3 {[%clk
0:04:20]} Bb5 {[%clk 0:06:27]} 39. Qa2 {[%clk 0:02:15]} Rbc8 {[%clk 0:06:03]}
40. Qe6 {[%clk 0:02:24]} Bc4 {[%clk 0:05:20]} 41. Qf5 {[%clk 0:00:33]} Rc7
{[%clk 0:27:52]} 42. h5 {[%clk 0:30:13]} h6 {[%clk 0:27:12]} 43. Ra5 {[%clk
0:29:41]} Rcd7 {[%clk 0:26:53]} 44. Rd5 {[%clk 0:29:34]} Qc6 {[%clk 0:23:50]}
45. Qg6 {[%clk 0:28:27]} Rc7 {[%clk 0:23:20]} 46. Ra5 {[%clk 0:23:50]} Bf7
{[%clk 0:20:12]} 47. Qf5 {[%clk 0:22:47]} Qc4 {[%clk 0:18:51]} 48. Bf1 {[%clk
0:16:29]} Qb3 {[%clk 0:18:28]} 49. Rxa6 {[%clk 0:16:29]} Rxc3 {[%clk 0:16:54]}
50. Rxc3 {[%clk 0:16:07]} Qxc3 {[%clk 0:17:17]} 51. Ra7 {[%clk 0:16:16]} Bc4
{[%clk 0:12:31]} 52. Rc7 {[%clk 0:13:36]} Be6 {[%clk 0:12:20]} 53. Rxc3 {[%clk
0:13:43]} Bxf5 {[%clk 0:12:45]} 54. exf5 {[%clk 0:14:11]} d5 {[%clk 0:13:08]}
55. f3 {[%clk 0:14:13]} d4 {[%clk 0:13:26]} 56. Rb3 {[%clk 0:14:31]} Kg8 {[%clk
0:13:46]} 57. b5 {[%clk 0:14:29]} Kf7 {[%clk 0:14:11]} 58. b6 {[%clk 0:14:32]}
Ke7 {[%clk 0:13:13]} 59. b7 {[%clk 0:14:45]} Rb8 {[%clk 0:13:06]} 60. Bd3
{[%clk 0:15:11]} Kd6 {[%clk 0:13:16]} 61. Kf2 {[%clk 0:15:03]} Kc5 {[%clk
0:13:32]} 62. Ke2 {[%clk 0:15:10]} Kd6 {[%clk 0:13:37]} 63. Be4 {[%clk
0:15:33]} Kc5 {[%clk 0:13:37]} 64. Ra3 {[%clk 0:15:35]} Kc4 {[%clk 0:13:58]}
65. Ra8 {[%clk 0:15:51]} d3+ {[%clk 0:14:07]} 66. Bxd3+ {[%clk 0:16:13]} Kd4
{[%clk 0:14:26]} 67. Rxb8 {[%clk 0:16:37]} e4 {[%clk 0:14:41]} 68. Rd8+ {[%clk
0:16:36]} Kc3 {[%clk 0:14:56]} 69. b8=Q {[%clk 0:16:42]} exf3+ {[%clk 0:14:57]}
70. Ke3 {[%clk 0:17:01]} 1-0

[Event "Deutsche Ländermeisterschaft 2022"]
[Site "Wiesbaden GER"]
[Date "2022.10.02"]
[Round "3"]
[White "Uhlmann, Tim"]
[Black "Tovmasyan, Minas"]
[Result "0-1"]
[Termination "normal"]
[Board "6.3"]
[WhiteElo "1841"]
[BlackElo "1838"]
[WhiteClock "00:01:34"]
[BlackClock "00:03:30"]
[WhiteTeam "Baden 1"]
[BlackTeam "Mecklenburg-Vorpommern"]
[PlyCount "114"]
[WhiteFideId "16239210"]
[BlackFideId "16247620"]
[EventCountry "GER"]
[EventRounds "7"]
[EventType "team-swiss"]
[EventDate "2022.09.30"]

1. e4 {[%clk 1:30:58]} c5 {[%clk 1:30:50]} 2. Nf3 {[%clk 1:31:23]} e6 {[%clk
1:31:14]} 3. c4 {[%clk 1:31:50]} a6 {[%clk 1:31:29]} 4. Nc3 {[%clk 1:32:07]}
Qc7 {[%clk 1:30:40]} 5. d4 {[%clk 1:32:31]} cxd4 {[%clk 1:31:04]} 6. Nxd4
{[%clk 1:32:57]} Nf6 {[%clk 1:30:44]} 7. a3 {[%clk 1:33:20]} b6 {[%clk
1:30:44]} 8. Be2 {[%clk 1:33:08]} Bb7 {[%clk 1:30:51]} 9. f3 {[%clk 1:33:23]}
d6 {[%clk 1:30:44]} 10. O-O {[%clk 1:33:23]} Be7 {[%clk 1:31:03]} 11. Be3
{[%clk 1:33:42]} O-O {[%clk 1:31:06]} 12. Qd2 {[%clk 1:33:37]} Nbd7 {[%clk
1:30:36]} 13. Rfd1 {[%clk 1:33:43]} Rfe8 {[%clk 1:25:51]} 14. Rac1 {[%clk
1:33:57]} h5 {[%clk 1:26:00]} 15. Bf2 {[%clk 1:32:57]} Rac8 {[%clk 1:22:41]}
16. Qe1 {[%clk 1:32:27]} Qb8 {[%clk 1:19:24]} 17. Kh1 {[%clk 1:31:49]} Ne5
{[%clk 1:00:58]} 18. Na4 {[%clk 1:24:06]} Nfd7 {[%clk 0:54:53]} 19. b4 {[%clk
1:20:09]} Ng6 {[%clk 0:51:45]} 20. Qg1 {[%clk 1:17:59]} Bd8 {[%clk 0:45:28]}
21. Nb3 {[%clk 1:12:24]} Bc6 {[%clk 0:41:52]} 22. b5 {[%clk 1:11:58]} Ba8
{[%clk 0:32:55]} 23. bxa6 {[%clk 1:03:01]} Nc5 {[%clk 0:13:56]} 24. Nbxc5
{[%clk 1:03:05]} bxc5 {[%clk 0:13:03]} 25. Nc3 {[%clk 0:59:42]} Rc6 {[%clk
0:11:48]} 26. Nb5 {[%clk 0:51:07]} Rxa6 {[%clk 0:10:36]} 27. Rb1 {[%clk
0:51:05]} Rb6 {[%clk 0:06:29]} 28. a4 {[%clk 0:48:57]} Be7 {[%clk 0:03:58]} 29.
a5 {[%clk 0:37:29]} Rb7 {[%clk 0:04:20]} 30. a6 {[%clk 0:37:33]} Rb6 {[%clk
0:04:21]} 31. Nc3 {[%clk 0:35:16]} Qa7 {[%clk 0:03:26]} 32. Rxb6 {[%clk
0:34:18]} Qxb6 {[%clk 0:03:51]} 33. Nb5 {[%clk 0:33:29]} Rc8 {[%clk 0:02:21]}
34. Ra1 {[%clk 0:27:56]} Ne5 {[%clk 0:01:01]} 35. Be1 {[%clk 0:24:45]} Nc6
{[%clk 0:01:08]} 36. Bc3 {[%clk 0:21:09]} Rd8 {[%clk 0:00:33]} 37. f4 {[%clk
0:16:16]} h4 {[%clk 0:00:54]} 38. Qf2 {[%clk 0:13:26]} h3 {[%clk 0:00:44]} 39.
Bf3 {[%clk 0:13:18]} Qb8 {[%clk 0:00:32]} 40. Qg3 {[%clk 0:07:30]} hxg2+ {[%clk
0:00:37]} 41. Qxg2 {[%clk 0:07:46]} e5 {[%clk 0:29:45]} 42. f5 {[%clk 0:31:23]}
Nd4 {[%clk 0:20:43]} 43. Ba5 {[%clk 0:23:52]} Rd7 {[%clk 0:17:30]} 44. Bg4
{[%clk 0:11:58]} Bf6 {[%clk 0:16:49]} 45. Nc3 {[%clk 0:11:34]} Ra7 {[%clk
0:12:59]} 46. Rb1 {[%clk 0:04:29]} Qc8 {[%clk 0:12:17]} 47. Nd5 {[%clk
0:01:31]} Bxd5 {[%clk 0:12:29]} 48. cxd5 {[%clk 0:00:51]} Rxa6 {[%clk 0:11:21]}
49. Bc3 {[%clk 0:00:43]} Qa8 {[%clk 0:11:02]} 50. Qb2 {[%clk 0:00:33]} Ra3
{[%clk 0:07:29]} 51. Ra1 {[%clk 0:00:34]} Rxa1+ {[%clk 0:07:18]} 52. Qxa1
{[%clk 0:01:00]} Qb7 {[%clk 0:02:36]} 53. Bxd4 {[%clk 0:00:38]} exd4 {[%clk
0:02:55]} 54. Be2 {[%clk 0:00:36]} d3 {[%clk 0:02:55]} 55. Qd1 {[%clk 0:00:42]}
dxe2 {[%clk 0:03:03]} 56. Qxe2 {[%clk 0:01:08]} Qb1+ {[%clk 0:03:11]} 57. Kg2
{[%clk 0:01:34]} Qb2 {[%clk 0:03:30]} 0-1

[Event "Deutsche Ländermeisterschaft 2022"]
[Site "Wiesbaden GER"]
[Date "2022.10.02"]
[Round "3"]
[White "Post, Hugo"]
[Black "Färber, David"]
[Result "1/2-1/2"]
[Termination "normal"]
[Board "7.1"]
[WhiteElo "2176"]
[BlackElo "2354"]
[WhiteClock "00:04:46"]
[BlackClock "00:28:18"]
[WhiteTeam "Sachsen-Anhalt"]
[BlackTeam "Baden 2"]
[PlyCount "84"]
[WhiteFideId "12962490"]
[BlackFideId "12971294"]
[EventCountry "GER"]
[EventRounds "7"]
[EventType "team-swiss"]
[EventDate "2022.09.30"]

1. e4 {[%clk 1:30:57]} c6 {[%clk 1:30:41]} 2. d4 {[%clk 1:31:10]} d5 {[%clk
1:31:03]} 3. e5 {[%clk 1:31:35]} Bf5 {[%clk 1:30:51]} 4. h4 {[%clk 1:31:43]} h5
{[%clk 1:30:18]} 5. Bd3 {[%clk 1:32:08]} Bxd3 {[%clk 1:30:37]} 6. Qxd3 {[%clk
1:32:31]} Qa5+ {[%clk 1:30:52]} 7. Nd2 {[%clk 1:32:53]} e6 {[%clk 1:31:12]} 8.
Ngf3 {[%clk 1:32:39]} Nh6 {[%clk 1:31:31]} 9. O-O {[%clk 1:31:41]} Nf5 {[%clk
1:31:53]} 10. c4 {[%clk 1:29:31]} Be7 {[%clk 1:32:15]} 11. g3 {[%clk 1:29:49]}
O-O {[%clk 1:32:36]} 12. Re1 {[%clk 1:25:59]} Rd8 {[%clk 1:28:39]} 13. b3
{[%clk 1:17:43]} c5 {[%clk 1:25:54]} 14. dxc5 {[%clk 0:34:35]} Bxc5 {[%clk
1:22:53]} 15. Nf1 {[%clk 0:30:34]} Nc6 {[%clk 1:13:41]} 16. Bg5 {[%clk
0:28:09]} Be7 {[%clk 1:04:59]} 17. Ne3 {[%clk 0:27:29]} Nxe3 {[%clk 1:02:49]}
18. Qxe3 {[%clk 0:26:48]} dxc4 {[%clk 1:00:59]} 19. bxc4 {[%clk 0:26:48]} Qc7
{[%clk 1:00:37]} 20. Rab1 {[%clk 0:26:22]} Rac8 {[%clk 1:00:01]} 21. Qe2 {[%clk
0:22:40]} Nd4 {[%clk 0:52:18]} 22. Nxd4 {[%clk 0:23:04]} Rxd4 {[%clk 0:52:40]}
23. Qb2 {[%clk 0:13:46]} Rd7 {[%clk 0:48:46]} 24. Bxe7 {[%clk 0:13:03]} Rxe7
{[%clk 0:49:09]} 25. Re4 {[%clk 0:11:51]} Rd7 {[%clk 0:44:53]} 26. Qe2 {[%clk
0:12:03]} Qa5 {[%clk 0:43:54]} 27. Qxh5 {[%clk 0:09:00]} Qxa2 {[%clk 0:44:07]}
28. Rc1 {[%clk 0:08:56]} Qd2 {[%clk 0:40:58]} 29. Rf1 {[%clk 0:04:14]} Qd3
{[%clk 0:33:27]} 30. Qg4 {[%clk 0:04:27]} Rcd8 {[%clk 0:30:34]} 31. h5 {[%clk
0:04:02]} Qd2 {[%clk 0:30:02]} 32. Rf4 {[%clk 0:04:13]} Qc2 {[%clk 0:29:43]}
33. h6 {[%clk 0:03:41]} Qg6 {[%clk 0:29:45]} 34. Qxg6 {[%clk 0:02:21]} fxg6
{[%clk 0:30:10]} 35. hxg7 {[%clk 0:02:34]} Kxg7 {[%clk 0:30:23]} 36. Ra1 {[%clk
0:02:28]} Rd1+ {[%clk 0:28:14]} 37. Rxd1 {[%clk 0:02:57]} Rxd1+ {[%clk
0:28:39]} 38. Kg2 {[%clk 0:03:27]} Re1 {[%clk 0:29:00]} 39. Rd4 {[%clk
0:03:44]} Rxe5 {[%clk 0:28:54]} 40. Rd7+ {[%clk 0:04:10]} Kf6 {[%clk 0:29:18]}
41. Rxb7 {[%clk 0:04:38]} Rc5 {[%clk 0:28:18]} 42. Rxa7 {[%clk 0:04:46]} Ke5
1/2-1/2